Bozok sancağı (Yozgat ili)'nda Türk mimarisi / (Record no. 8756)
| 000 -BAŞLIK | |
|---|---|
| Sabit Uzunluktaki Kontrol Alanı | 01134nam a22003377a 4500 |
| 001 - KONTROL NUMARASI | |
| Control Dosyası | 0008784 |
| 003 - KONTROL NUMARASI KİMLİĞİ | |
| Kontrol Alanı | KOHA_MİRAKIL |
| 005 - EN SON İŞLEM TARİHİ ve ZAMANI | |
| Kontrol Alanı | 20260207001648.0 |
| 007 - FİZİKSEL TANIM SABİT ALAN - GENEL BİLGİ | |
| Sabit uzunluklu kontrol alanı | ta |
| 008 - SABİT UZUNLUKTAKİ VERİ ÖGELERİ - GENEL BİLGİ | |
| Sabit Alan | 091009b2005 tu |||gr||||#||||0|tur | |
| 020 ## - ISBN - ULUSLARARASI STANDART KİTAP NUMARASI | |
| Isbn | 9751618355 |
| Kullanılabilirlik koşulları | TL40 |
| 040 ## - KATALOGLAMA KAYNAĞI | |
| Özgün Kataloglama Kurumu | TR-BiSEU |
| Kataloglama Dili | tur |
| Çeviri Kurumu | TR-BiSEU |
| Açıklama Kuralları | rda |
| 041 0# - DİL KODU | |
| Metin ya da ses kaydının dil kodu | tur |
| 044 ## - YAYINLAYAN/ÜRETEN KURULUŞUN ÜLKE KODU | |
| ISO country code | tu |
| 050 ## - SINIFLAMA ve YER NUMARASI | |
| Sınıflama Numarası | NA747 |
| Yer Numarası | .A28 2005 |
| 100 1# - KİŞİ ADI | |
| Yazar Adı (Kişi adı) | Acun, Hakkı. |
| 245 1# - ESER ADI BİLDİRİMİ | |
| Başlık | Bozok sancağı (Yozgat ili)'nda Türk mimarisi / |
| Sorumluluk Bildirimi | Hakkı Acun ; Hakkı Acun. |
| 264 #1 - ÜRERİM, YAYIN, DAĞITIM ve TELİF BİLDİRİMİ | |
| Yayın yeri | Ankara : |
| Yayınlayan | Türk Tarih Kurumu |
| Yayın tarihi | 2005 |
| 300 ## - FİZİKSEL TANIMLAMA | |
| Sayfa, Cilt vb. | XIII, 697 sayfa: resimli; 27 cm. |
| 336 ## - İÇERİK TÜRÜ | |
| Content type term | metin |
| Content type code | txt |
| Source | rdacontent |
| 337 ## - MEDYA TÜRÜ | |
| Media type term | aracısız |
| Media type code | n |
| Source | rdamedia |
| 338 ## - TAŞIYICI TÜRÜ | |
| Carrier type term | cilt |
| Carrier type code | nc |
| Source | rdacarrier |
| 490 1# - DİZİ BİLDİRİMİ | |
| Dizi Bildirimi | Atatürk Kültür,Dil ve Tarih Yüksek Kurumu Türk Tarih Kurumu Yayınları ; |
| Cilt Numarası | XXX. |
| 490 1# - DİZİ BİLDİRİMİ | |
| Dizi Bildirimi | dizi- sayı 2-a |
| 500 ## - GENEL NOT | |
| Genel Not | Kaynakça var. |
| 650 #0 - KONU BAŞLIĞI EK GİRİŞ - KONU TERİMİ | |
| Konusal terim veya coğrafi ad | Mimarlık--Türkiye--Yozgat. |
| 9 (RLIN) | 22075 |
| 650 #0 - KONU BAŞLIĞI EK GİRİŞ - KONU TERİMİ | |
| Konusal terim veya coğrafi ad | Architecture--Turkey--Yozgat. |
| 9 (RLIN) | 22076 |
| 830 1# - SERİ EK GİRİŞİ - TEKBİÇİM ESER ADI | |
| Tekbiçim Başlık | Atatürk Kültür,Dil ve Tarih Yüksek Kurumu Türk Tarih Kurumu Yayınları ; |
| Volume number/sequential designation | XXX. |
| 9 (RLIN) | 14135 |
| 830 1# - SERİ EK GİRİŞİ - TEKBİÇİM ESER ADI | |
| Tekbiçim Başlık | dizi- sayı 2-a |
| 9 (RLIN) | 22077 |
| 942 ## - EK GİRİŞ ÖGELERİ (KOHA) | |
| Source of classification or shelving scheme | Library of Congress Classification |
| Koha item type | Book |
| Materyal Türü | Kalıcı Konum | Mevcut Konum | Raf Yeri | Sınıflandırma Kaynağı | Edinim Bilgisi | Ana Konular | Alt Konular | Yer Numarası | Demirbaş Numarası | Fatura Tarihi | Maliyet, Alış Fiyatı | Maliyet, Yenileme Fiyatı | Geri Çekilme Durumu | Kayıp Durumu | Hasarlı Durumu | Kredi için değil | Kayıt Tarih | Toplam Ödünçverme | Son Görülme Tarihi | Son Kontrol Tarihi | Satın Alma Notu |
|---|---|---|---|---|---|---|---|---|---|---|---|---|---|---|---|---|---|---|---|---|---|
| Book | Prof. Dr. Azmi Özcan Kütüphanesi | Prof. Dr. Azmi Özcan Kütüphanesi | Uluğbey Salonu | Library of Congress Classification | Satın | GÜZEL SANATLAR | Mimarlık | NA747 .A28 2005 | 0008784 | 09/09/2009 | 40.00 | 40.00 | 09/10/2009 | 05/12/2024 | 05/12/2024 | 283 |
